Информационная система для обеспечения логистики между структурными единицами торговой сети; Прогрессивные технологии и экономика в машиностроении

Bibliographische Detailangaben
Parent link:Прогрессивные технологии и экономика в машиностроении.— 2017.— [С. 96-98]
1. Verfasser: Стаин Р. В.
Körperschaft: Национальный исследовательский Томский политехнический университет (ТПУ) Юргинский технологический институт (филиал) (ЮТИ) Кафедра информационных систем (ИС)
Weitere Verfasser: Важдаев А. Н. Андрей Николаевич (научный руководитель)
Zusammenfassung:Заглавие с экрана
Sprache:Russisch
Veröffentlicht: 2017
Schriftenreihe:Информационные технологии, экономика, управление
Schlagworte:
Online-Zugang:http://earchive.tpu.ru/handle/11683/38457
Format: MixedMaterials Elektronisch Buchkapitel
KOHA link:https://koha.lib.tpu.ru/cgi-bin/koha/opac-detail.pl?biblionumber=622514

MARC

LEADER 00000naa2a2200000 4500
001 622514
005 20231214135930.0
035 |a (RuTPU)RU\TPU\conf\21283 
035 |a RU\TPU\conf\21282 
090 |a 622514 
100 |a 20170522d2017 k y0rusy50 ca 
101 0 |a rus 
102 |a RU 
105 |a y z 101zy 
135 |a drcn ---uucaa 
181 0 |a i  
182 0 |a b 
200 1 |a Информационная система для обеспечения логистики между структурными единицами торговой сети  |f Р. В. Стаин  |g науч. рук. А. Н. Важдаев 
203 |a Текст  |c электронный 
225 1 |a Информационные технологии, экономика, управление 
300 |a Заглавие с экрана 
320 |a [Библиогр.: с. 98 (2 назв.)] 
463 0 |0 (RuTPU)RU\TPU\conf\21267  |t Прогрессивные технологии и экономика в машиностроении  |o сборник трудов VIII Всероссийской научно-практической конференции для студентов и учащейся молодежи, 6-8 апреля 2017 г., Юрга  |f Национальный исследовательский Томский политехнический университет (ТПУ), Юргинский технологический институт (ЮТИ) ; под ред. Д. А. Чинахова  |v [С. 96-98]  |d 2017 
610 1 |a труды учёных ТПУ 
610 1 |a электронный ресурс 
610 1 |a платформы 
610 1 |a 1С: Предприятие 
610 1 |a информационные системы 
610 1 |a мобильные приложения 
610 1 |a торговые сети 
700 1 |a Стаин  |b Р. В. 
702 1 |a Важдаев  |b А. Н.  |c специалист в области информатики и вычислительной техники  |c доцент, кандидат технических наук Юргинского технологического института (филиала) Томского политехнического университета  |f 1981-  |g Андрей Николаевич  |4 727 
712 0 2 |a Национальный исследовательский Томский политехнический университет (ТПУ)  |b Юргинский технологический институт (филиал) (ЮТИ)  |b Кафедра информационных систем (ИС)  |3 (RuTPU)RU\TPU\col\18893 
801 2 |a RU  |b 63413507  |c 20170525  |g RCR 
856 4 |u http://earchive.tpu.ru/handle/11683/38457 
942 |c BK